[Event "Tula Rjazanov Memorial"]
[Site "Tula"]
[Date "2016.02.13"]
[Round "8"]
[White "Korolev, Anatoly Vladimirovi"]
[Black "Prokhorov, Sergey An"]
[Result "1-0"]
[WhiteElo "1912"]
[BlackElo "1913"]
[PlyCount "73"]
[EventDate "2016.02.05"]
[EventType "swiss"]
[EventRounds "9"]
[EventCountry "RUS"]
[SourceTitle "CBM 171 Extra"]
[Source "ChessBase"]
[SourceDate "2016.04.26"]
[SourceVersion "1"]
[SourceVersionDate "2016.04.26"]
[SourceQuality "1"]

1. e4 c6 2. d4 d5 3. e5 Bf5 4. Ne2 e6 5. Ng3 Bg6 6. h4 h6 7. h5 Bh7 8. Bd3 Bxd3 9. Qxd3 f6 10. f4 Bb4+ 11. c3 Ba5 12. b3 Ne7 13. Bb2 0-0 14. f5 exf5 15. exf6 Rxf6 16. Nd2 f4 17. Ne2 Bc7 18. 0-0-0 b5 19. g3 f3 20. Nxf3 a5 21. Ne5 Bxe5 22. dxe5 Rf8 23. Nf4 Qd7 24. e6 Qb7 25. Qd4 Nf5 26. Qe5 b4 27. c4 d4 28. Rxd4 Nxd4 29. Bxd4 c5 30. Nd5 cxd4 31. e7 Re8 32. Rf1 Nc6 33. Nf6+ gxf6 34. Qe6+ Kg7 35. Qxf6+ Kh7 36. Qg6+ Kh8 37. Rf7 1-0

[Event "Suvorov-ch"]
[Site "Suvorov"]
[Date "2007.01.29"]
[Round "6"]
[White "Prokhorov, Sergey An"]
[Black "Fedotov, Alexander V"]
[Result "1-0"]
[WhiteElo "2034"]
[BlackElo "1965"]
[PlyCount "75"]
[EventDate "2007.01.24"]
[EventType "swiss"]
[EventRounds "9"]
[EventCountry "RUS"]
[SourceTitle "EXT 2019"]
[Source "ChessBase"]
[SourceDate "2018.10.10"]
[SourceVersion "1"]
[SourceVersionDate "2018.10.10"]
[SourceQuality "1"]

1. d4 Nf6 2. c4 c5 3. d5 b5 4. Nf3 bxc4 5. Nc3 d6 6. e4 Qa5 7. Nd2 Ba6 8. Be2 Nbd7 9. f4 g6 10. 0-0 Bg7 11. Bxc4 Bxc4 12. Nxc4 Qb4 13. Qe2 0-0 14. e5 Ne8 15. a3 Qb8 16. Re1 Nb6 17. Na5 Nc7 18. Qf3 Nc8 19. a4 Na6 20. Nc6 Qc7 21. Nb5 Qb6 22. Bd2 Nb4 23. Nxb4 cxb4+ 24. Kh1 a6 25. Nd4 Re8 26. Qb3 a5 27. Nb5 Qb7 28. Rad1 Qd7 29. Qf3 Nb6 30. e6 Qb7 31. exf7+ Kxf7 32. f5 Bf6 33. b3 Qd7 34. Re6 Rac8 35. fxg6+ hxg6 36. Nxd6+ Kg7 37. Nxe8+ Rxe8 38. Rxb6 1-0

[Event "Suvorov-ch"]
[Site "Suvorov"]
[Date "2007.01.27"]
[Round "4"]
[White "Prokhorov, Sergey An"]
[Black "Ermilov, Petr"]
[Result "1-0"]
[WhiteElo "2034"]
[BlackElo "1946"]
[PlyCount "79"]
[EventDate "2007.01.24"]
[EventType "swiss"]
[EventRounds "9"]
[EventCountry "RUS"]
[SourceTitle "EXT 2019"]
[Source "ChessBase"]
[SourceDate "2018.10.10"]
[SourceVersion "1"]
[SourceVersionDate "2018.10.10"]
[SourceQuality "1"]

1. e4 c6 2. d4 d5 3. exd5 cxd5 4. c4 Nf6 5. Nc3 e6 6. Nf3 Nc6 7. Bg5 dxc4 8. Bxc4 Be7 9. 0-0 0-0 10. Re1 h6 11. Bf4 a6 12. Rc1 b5 13. d5 Na5 14. Bf1 Nxd5 15. Nxd5 exd5 16. Bc7 Qd7 17. Bxa5 Bf6 18. Bc3 Bxc3 19. Rxc3 Bb7 20. Nd4 Rfe8 21. Rce3 Rxe3 22. Rxe3 Qd6 23. g3 Qb4 24. b3 Qa3 25. Qe2 Rf8 26. Re8 Qc5 27. Qe7 Qxe7 28. Rxe7 Bc8 29. Bg2 Bg4 30. h3 Bh5 31. f4 Rc8 32. g4 Rc1+ 33. Kh2 Rd1 34. Nf3 Bg6 35. f5 Kf8 36. Rd7 Bh7 37. Ne5 f6 38. Nc6 Rd2 39. Kg3 h5 40. Rd8+ 1-0

[Event "Moscow Region-ch op"]
[Site "Serpukhov"]
[Date "2004.09.01"]
[Round "10"]
[White "Prokhorov, Sergey An"]
[Black "Petukhov, Rodion"]
[Result "1-0"]
[WhiteElo "2046"]
[BlackElo "2149"]
[PlyCount "81"]
[EventDate "2004.08.26"]
[EventType "swiss"]
[EventRounds "12"]
[EventCountry "RUS"]
[SourceTitle "EXT 2006"]
[Source "ChessBase"]
[SourceDate "2005.11.24"]
[SourceVersion "1"]
[SourceVersionDate "2005.11.24"]
[SourceQuality "1"]

1. c4 Nf6 2. Nc3 g6 3. e4 d6 4. d4 Bg7 5. f3 0-0 6. Be3 Re8 7. Qd2 Nc6 8. Nge2 e5 9. d5 Nb8 10. g4 Na6 11. Ng3 c6 12. Be2 cxd5 13. cxd5 Nd7 14. h4 Nf8 15. Bh6 Bxh6 16. Qxh6 Qf6 17. h5 Qf4 18. Qxf4 exf4 19. Bxa6 bxa6 20. Nge2 Nd7 21. Nxf4 Ne5 22. 0-0 Bd7 23. Rad1 Rec8 24. Nd3 Nc4 25. Rc1 f6 26. hxg6 hxg6 27. b3 Na3 28. Nb4 a5 29. Nc2 Rxc3 30. Nxa3 Rac8 31. Nc4 Rxc1 32. Rxc1 Kf8 33. Kf2 a4 34. Rh1 Kg7 35. Kg3 f5 36. Nxd6 Rc3 37. gxf5 gxf5 38. Kf4 axb3 39. axb3 Rxb3 40. Ra1 Rb6 41. Nxf5+ 1-0

[Event "Moscow Region-ch op"]
[Site "Serpukhov"]
[Date "2004.08.28"]
[Round "3"]
[White "Prokhorov, Sergey An"]
[Black "Zolotukhin, Valery"]
[Result "0-1"]
[WhiteElo "2046"]
[BlackElo "2117"]
[PlyCount "80"]
[EventDate "2004.08.26"]
[EventType "swiss"]
[EventRounds "12"]
[EventCountry "RUS"]
[SourceTitle "EXT 2006"]
[Source "ChessBase"]
[SourceDate "2005.11.24"]
[SourceVersion "1"]
[SourceVersionDate "2005.11.24"]
[SourceQuality "1"]

1. d4 Nf6 2. c4 g6 3. Nc3 Bg7 4. e4 d6 5. f3 0-0 6. Be3 Nc6 7. Nge2 a6 8. Qd2 Rb8 9. Nc1 e5 10. d5 Nd4 11. Nb3 c5 12. dxc6 bxc6 13. Nxd4 exd4 14. Bxd4 Re8 15. Be2 d5 16. exd5 cxd5 17. cxd5 Rb4 18. 0-0-0 Rxd4 19. Qxd4 Ne4 20. Qxe4 Bh6+ 21. f4 Rxe4 22. Nxe4 Bxf4+ 23. Kb1 Bf5 24. Bf3 Be5 25. Ka1 Qb6 26. Nc3 Qb4 27. Rc1 Kg7 28. g3 Bd3 29. Rhd1 Bc4 30. Re1 Bd6 31. Re4 f5 32. a3 Qc5 33. Re6 Bf8 34. Rc6 Qe3 35. Rd1 Bb3 36. Be2 Bxd1 37. Bxd1 Kh6 38. Rxa6 Bg7 39. Bc2 Qc1+ 40. Bb1 Bxc3 0-1

[Event "Moscow-ch Region"]
[Site "Serpukhov"]
[Date "2002.??.??"]
[Round "7"]
[White "Prokhorov, Sergey An"]
[Black "Efankov, Egor"]
[Result "1-0"]
[WhiteElo "2310"]
[BlackElo "2119"]
[PlyCount "55"]
[EventDate "2002.??.??"]
[EventType "swiss"]
[EventRounds "9"]
[EventCountry "RUS"]
[SourceTitle "EXT 2003"]
[Source "ChessBase"]
[SourceDate "2002.11.25"]
[SourceVersion "1"]
[SourceVersionDate "2002.11.25"]
[SourceQuality "1"]

1. d4 Nf6 2. c4 e6 3. Nf3 Bb4+ 4. Nbd2 0-0 5. a3 Be7 6. e4 d5 7. e5 Ne8 8. Bd3 dxc4 9. Nxc4 Bd7 10. Qc2 h6 11. Be3 Nc6 12. 0-0 g5 13. h3 Ng7 14. Rad1 Qc8 15. Bc1 f5 16. exf6 Rxf6 17. b4 a6 18. Bb2 Rf4 19. Nce5 Nxe5 20. Nxe5 Be8 21. g3 Rf8 22. d5 exd5 23. Bh7+ Kh8 24. Ng6+ Bxg6 25. Qxg6 Rf6 26. Bxf6 Bxf6 27. Qxh6 Qd8 28. Rxd5 1-0

[Event "Tula-B"]
[Site "Tula"]
[Date "2002.??.??"]
[Round "13"]
[White "Prokhorov, Sergey An"]
[Black "Kalichkin, Igor"]
[Result "1-0"]
[WhiteElo "2091"]
[BlackElo "2258"]
[PlyCount "81"]
[EventDate "2002.??.??"]
[EventType "tourn"]
[EventRounds "10"]
[EventCountry "RUS"]
[EventCategory "4"]
[SourceTitle "EXT 2008"]
[Source "ChessBase"]
[SourceDate "2007.11.25"]
[SourceVersion "1"]
[SourceVersionDate "2007.11.25"]
[SourceQuality "1"]

1. e4 c5 2. c3 d5 3. exd5 Qxd5 4. d4 Nf6 5. Nf3 Bg4 6. Be2 Nc6 7. h3 Bf5 8. dxc5 Qxd1+ 9. Bxd1 0-0-0 10. Ba4 e5 11. Bxc6 bxc6 12. Be3 Nd7 13. b4 Bd3 14. Nbd2 Be7 15. 0-0-0 f6 16. Rhe1 Nf8 17. Bf4 Ng6 18. Bg3 Rhe8 19. Ne4 Bc4 20. a3 Bd5 21. Ned2 a5 22. h4 h5 23. Nf1 Bxf3 24. Rxd8+ Rxd8 25. gxf3 axb4 26. axb4 Rd3 27. Kc2 Rxf3 28. Nd2 Rf5 29. Ra1 Nf4 30. Ra8+ Kd7 31. Ra7+ Ke6 32. Rc7 g5 33. hxg5 fxg5 34. Rxc6+ Kf7 35. Bxf4 exf4 36. Rc8 h4 37. c6 Ke6 38. c7 Kd7 39. Re8 Kxc7 40. Rxe7+ Kb6 41. Rh7 1-0

[Event "Tula-B"]
[Site "Tula"]
[Date "2002.??.??"]
[Round "17"]
[White "Prokhorov, Sergey An"]
[Black "Tahirov, Farhad"]
[Result "0-1"]
[WhiteElo "2091"]
[BlackElo "2571"]
[PlyCount "70"]
[EventDate "2002.??.??"]
[EventType "tourn"]
[EventRounds "10"]
[EventCountry "RUS"]
[EventCategory "4"]
[SourceTitle "EXT 2008"]
[Source "ChessBase"]
[SourceDate "2007.11.25"]
[SourceVersion "1"]
[SourceVersionDate "2007.11.25"]
[SourceQuality "1"]

1. e4 e6 2. d4 d5 3. Nc3 Nf6 4. Bg5 dxe4 5. Nxe4 Nbd7 6. Nf3 h6 7. Nxf6+ Nxf6 8. Bh4 c5 9. Bb5+ Bd7 10. Bxd7+ Qxd7 11. dxc5 Bxc5 12. 0-0 Qxd1 13. Raxd1 Ke7 14. Bxf6+ gxf6 15. Rd3 Rad8 16. Rfd1 Rxd3 17. Rxd3 Rd8 18. Rxd8 Kxd8 19. Nd2 Kd7 20. Ne4 Bd4 21. c3 f5 22. cxd4 fxe4 23. Kf1 f5 24. g3 Kd6 25. Ke2 Kd5 26. Ke3 b5 27. h3 b4 28. g4 fxg4 29. hxg4 a6 30. a3 b3 31. Ke2 Kxd4 32. Kd2 e3+ 33. fxe3+ Ke4 34. Ke2 e5 35. a4 a5 0-1

[Event "Tula2"]
[Site "Tula"]
[Date "2001.??.??"]
[Round "7"]
[White "Moiseev, Viktor"]
[Black "Prokhorov, Sergey An"]
[Result "1-0"]
[WhiteElo "2414"]
[BlackElo "2410"]
[PlyCount "77"]
[EventDate "2001.??.??"]
[EventType "tourn"]
[EventRounds "11"]
[EventCountry "RUS"]
[EventCategory "5"]
[SourceTitle "EXT 2002"]
[Source "ChessBase"]
[SourceDate "2001.11.25"]
[SourceVersion "1"]
[SourceVersionDate "2001.11.25"]
[SourceQuality "1"]

1. d4 Nf6 2. Nf3 e6 3. c4 Bb4+ 4. Nbd2 d5 5. e3 0-0 6. Bd3 Nc6 7. 0-0 Bd6 8. a3 Be7 9. Qc2 h6 10. b4 Bd7 11. b5 Na5 12. a4 c6 13. c5 Rc8 14. Ba3 b6 15. Rfb1 Ng4 16. e4 dxe4 17. Nxe4 f5 18. Ng3 Nf6 19. Bb4 Nd5 20. Bxa5 bxa5 21. Bc4 f4 22. Ne4 Qc7 23. Ne5 Ra8 24. b6 Qb7 25. Ng6 Rae8 26. Nxf8 Rxf8 27. Qd2 Nb4 28. bxa7 Qxa7 29. Qb2 Qc7 30. Ra3 Nd5 31. Qb7 Qd8 32. Qa7 Bc8 33. Rb8 Nc7 34. Rd3 Nd5 35. Rdb3 Nc7 36. Nd6 Bxd6 37. Rxc8 Qxc8 38. cxd6 Nd5 39. Rb7 1-0

[Event "Tula2"]
[Site "Tula"]
[Date "2001.??.??"]
[Round "11"]
[White "Prokhorov, Sergey An"]
[Black "Krupoder, Sergey"]
[Result "1-0"]
[WhiteElo "2410"]
[BlackElo "2306"]
[PlyCount "111"]
[EventDate "2001.??.??"]
[EventType "tourn"]
[EventRounds "11"]
[EventCountry "RUS"]
[EventCategory "5"]
[SourceTitle "EXT 2002"]
[Source "ChessBase"]
[SourceDate "2001.11.25"]
[SourceVersion "1"]
[SourceVersionDate "2001.11.25"]
[SourceQuality "1"]

1. e4 c5 2. Nf3 e6 3. d4 cxd4 4. Nxd4 Nc6 5. Nc3 Qc7 6. Ndb5 Qb8 7. Be2 Nf6 8. 0-0 Be7 9. a3 0-0 10. Re1 d6 11. Be3 Bd7 12. Qd2 a6 13. Nd4 Qc7 14. Nxc6 Bxc6 15. Bf3 Rad8 16. Bf4 Rfe8 17. Qd3 Nd7 18. Bh5 g6 19. Qg3 Qb6 20. Rab1 Qa5 21. Be2 Qc7 22. Rbd1 Nc5 23. Bg4 e5 24. Bc1 Nd7 25. b3 b5 26. Bh3 Nf6 27. Qf3 Ba8 28. Bh6 Bb7 29. Rd3 Bc6 30. Kh1 Ba8 31. Kg1 Qc5 32. b4 Qc4 33. Qe3 Bb7 34. g3 Qc7 35. Qe2 Ra8 36. f3 Rad8 37. Bg5 h5 38. Qd2 Kg7 39. Kh1 Kh7 40. Rd1 Ng8 41. Kg1 Bxg5 42. Qxg5 Kg7 43. Bg2 Ne7 44. Qd2 Kh7 45. g4 hxg4 46. fxg4 Kg7 47. g5 Bc8 48. Qf2 Kg8 49. Bh3 Bb7 50. Qh4 Qb6+ 51. Kf1 Qc6 52. Bg4 Nf5 53. Bxf5 gxf5 54. Rh3 Qc4+ 55. Kg1 Kf8 56. g6 1-0